Bye Bye - Squeezie ft. Joyca - Statistiques

Statistiques générales
  • Ce quiz a été pris 266 fois
  • Le résultat moyen est 280 sur 380
Statistiques - réponses
% Correct
"bye
96%
bye",
96%
bye
96%
bye,
96%
je
94%
Je
94%
tu
92%
si
91%
du
90%
sale
90%
te
87%
À
86%
à
86%
dis
86%
fais
86%
et
82%
Et
82%
j'te
82%
J'te
82%
qu'à
82%
toi
82%
toi,
82%
de
81%
ma
80%
me
80%
Oh
80%
oh
80%
oh,
80%
"Oh
80%
oh"
80%
que
78%
Ce
76%
la
76%
moi
76%
moi,
76%
se
75%
c'est
74%
C'est
74%
fait:
74%
fait
74%
le
74%
Mais
74%
mais
74%
mon
74%
quand
74%
Quand
74%
rêve
73%
cœur
72%
chaque
71%
fois
71%
J'ai
71%
soir,
71%
vois,
71%
notre
70%
Ta
70%
moment
69%
attendu
68%
juste
68%
nos
68%
babe
67%
longtemps
67%
on
67%
t'es
67%
un
67%
va
67%
autre
64%
Ça
64%
douceur,
64%
douleur,
64%
noie
64%
gars
63%
regards
63%
beauté,
62%
faire,
62%
faire
62%
n'pense
62%
pas
62%
tout
62%
croisent
61%
donner,
60%
en
60%
J'vais
60%
j'vais
60%
corps
59%
hypnotisé,
59%
l'affaire,
59%
m'as
59%
chaleur
57%
reine,
56%
j'cale
55%
sens
55%
bouges
54%
contrôle
54%
rythme,
54%
t'approches
54%
envie
53%
s'évader,
53%
monter,
52%
veux
52%
deux
51%
d'eux
51%
J'perds
51%
resserre,
51%
Ils
50%
l'étau
50%
soirée,
50%
Cette
49%
finir
49%
frôlent
49%
m'donnes
49%
tous
49%
résister,
48%
t'en
48%
aux
47%
hey
47%
j'peux
47%
qu'tu
47%
suis
47%
aveux
46%
hésiter,
46%
qu'on
46%
t'éviter
46%
vibe,
46%
faut
45%
sait
45%
autour
44%
moques
44%
passe
44%
tournent
44%
danser
43%
girl,
43%
girl
43%
J'aime
43%
touché
43%
veulent
43%
plein
42%
Arrêtons
41%
trop
40%
d'faire
38%
semblant
38%
d'heure
36%
ferai
36%
jusqu'à
35%
kiffera
34%
loveur,
34%
J'ferai
33%
ton,
11%
Aucun quiz correspondant
Distribution des résultats
% des personnes avec chaque résultat
Percentile par nombre de réponses
Votre historique - résultats
Vous n’avez pas pris ce quiz